=LDR 00000nam 2200000 4500 =001 INLIS000000000007805 =005 20130612095739 =008 ***********************************ind** =035 ##$$a0010-061300000007805 =041 ##$$a ind =082 ##$$a 362.1 =090 ##$$a 362.1, Alj h =100 ##$$a Al-Ju'aitsin, Abdullah Bin Ali =245 ##$$a Hiburan bagi orang sakit, Abdullah Bin ali Al-Ju'aitsin =260 ##$$a 1995 $b Jakarta =300 ##$$a 213 hlm, 21 cm =650 ##$$a Pasien-Layanan Sosial =990 ##$$a 21400322/BPAP-NTB/2014 =990 ##$$a 21400324/BPAP-NTB/2014